| 000 | nam a22 a 4500 | ||
|---|---|---|---|
| 999 |
_c47906 _d47906 |
||
| 003 | BLK | ||
| 005 | 20220801115642.0 | ||
| 008 | 180408b bul|||||r ||||||| ||bul|| | ||
| 040 | _aBLK | ||
| 041 |
_aBUL _cBUL |
||
| 080 |
_aИталианска литература _b821.131.1 _x-31 _z821.131.1-31 |
||
| 100 | 1 |
_aВиторини, Елио _eпърви автор _948415 |
|
| 139 |
_aВиторини, Елио _bВ 65 |
||
| 245 | 1 | 0 |
_aЧовеци и нечовеци _bРоман _cЕлио Виторини; прев. от итал. Божан Христов. |
| 257 | _aITA | ||
| 260 |
_aСофия _bНар. култура _c1972 |
||
| 300 |
_a204 с. _c20 см |
||
| 380 | _aX | ||
| 490 |
_aБиблиотека Книги за всички _v№ 82 _9204966 |
||
| 650 | 4 |
_aИталианска литература _9275624 |
|
| 653 | _aиталианска литература | ||
| 653 | _aРоман | ||
| 700 | 1 |
_aХристов, Божан _eпрев. от итал. _9281708 |
|
| 852 |
_aЦб 62972 _bЦб |
||
| 856 | 4 | _qpdf | |
| 856 | 4 | _qpdf | |
| 942 |
_cKNG _n0 _s1 |
||
| 944 |
_aCR _c01.09.2016 _kИрена_Линкова |
||
| 944 |
_aED _c2022-08-01 _kКети |
||
| 999 | _d47906 | ||